000 00410nam a2200181Ia 4500
001 18511
005 20260306171636.0
008 260306s9999||||xx |||||||||||||| ||und||
041 _aESP
082 _a658.406
_bR85
100 _aRothery, Brian
_eAUT
245 0 _aOutsourcing
260 _c1996
300 _avii, 231 páginas :
_c24 cm.
650 _aGEN
654 _aCAN
942 _cLIB
_dJUS
_fJUS
_2ddc
_n
999 _c18511
_d18511